[Event "Basel Carnival op"]
[Site "Basel"]
[Date "2024.02.03"]
[Round "3"]
[White "Fernandes Barbosa, Gabriel"]
[Black "Rosmann, Ilja"]
[Result "0-1"]
[WhiteElo "1970"]
[BlackElo "2295"]
[PlyCount "118"]
[EventDate "2024.02.02"]
[EventType "swiss"]
[EventRounds "5"]
[EventCountry "SUI"]
[SourceTitle "CB07_2024"]
[SourceDate "2024.02.14"]
[SourceVersion "1"]
[SourceVersionDate "2024.02.14"]
[SourceQuality "1"]

1. e4 c5 2. Nf3 Nc6 3. d4 cxd4 4. Nxd4 e5 5. Nb5 d6 6. N1c3 a6 7. Na3 b5 8. Nd5 Be7 9. Be3 Rb8 10. Bd3 Nf6 11. 0-0 0-0 12. Qd2 Nxd5 13. exd5 Nd4 14. f4 g6 15. Rae1 Bh4 16. g3 Bf6 17. fxe5 dxe5 18. Bh6 Re8 19. Qf2 Nf5 20. Be4 Bh8 21. Be3 Nd6 22. Bc5 f5 23. Bg2 Bg7 24. Rd1 a5 25. Rfe1 Ba6 26. c3 b4 27. cxb4 axb4 28. Nc2 b3 29. Nb4 Ra8 30. axb3 Bb5 31. Nc6 Qd7 32. Qd2 Nf7 33. Qb4 Ba6 34. Qb6 e4 35. Bd4 Bf8 36. Bc3 Bd3 37. Qd4 Bc2 38. Rd2 Bxb3 39. Na5 Ba4 40. Bf1 Ne5 41. Kg2 Rac8 42. d6 Bg7 43. Qd5+ Kh8 44. Ra1 Rb8 45. Be2 Bb5 46. Bxb5 Rxb5 47. Qa2 Nd3 48. Bxg7+ Kxg7 49. Qc4 f4 50. Nc6 f3+ 51. Kh1 Rc5 52. Qd4+ Kg8 53. Rxd3 Qxc6 54. d7 Rd8 55. Re3 Rc1+ 56. Re1 Rxa1 57. Rxa1 Rxd7 58. Qe5 e3 59. Ra8+ Qxa8 0-1

[Event "BL2-Nord 2223"]
[Site "Germany"]
[Date "2022.11.27"]
[Round "4.6"]
[White "Meister, Jakob"]
[Black "Rosmann, Ilja"]
[Result "1/2-1/2"]
[WhiteElo "2441"]
[BlackElo "2298"]
[PlyCount "115"]
[EventDate "2022.10.22"]
[EventType "team-tourn"]
[EventRounds "10"]
[EventCountry "GER"]
[SourceTitle "EXT 2024"]
[Source "ChessBase"]
[SourceDate "2023.10.10"]
[SourceVersion "1"]
[SourceVersionDate "2023.10.10"]
[SourceQuality "1"]
[WhiteTeam "Zehlendorf"]
[BlackTeam "Koenig Tegel"]
[WhiteTeamCountry "GER"]
[BlackTeamCountry "GER"]

1. e4 c5 2. Nf3 Nc6 3. c3 Nf6 4. e5 Nd5 5. Bc4 Nb6 6. Bb3 c4 7. Bc2 d6 8. exd6 Qxd6 9. Qe2 Qe6 10. b3 Qxe2+ 11. Kxe2 e5 12. Na3 Be6 13. Ng5 Bd5 14. Nxc4 Nxc4 15. bxc4 Bxc4+ 16. d3 Bd5 17. Bb3 Rd8 18. Rb1 Bxb3 19. axb3 a5 20. Be3 Be7 21. Nf3 f5 22. Bb6 Rd5 23. Rhd1 0-0 24. c4 Rd7 25. d4 exd4 26. Nxd4 Nxd4+ 27. Rxd4 Rxd4 28. Bxd4 Bb4 29. Rd1 Re8+ 30. Kd3 Rd8 31. Kc2 Kf7 32. Rd3 g6 33. f3 Ke6 34. h3 Rd6 35. Bf2 Rxd3 36. Kxd3 Kd6 37. g4 Bc5 38. Be1 b6 39. Bc3 Ke6 40. Bg7 Kd6 41. gxf5 gxf5 42. Bc3 Ke6 43. Be1 Ke5 44. Bg3+ Ke6 45. Bf4 Kd7 46. Ke2 Ke6 47. Kf1 Kd7 48. Ke2 Ke6 49. Kd3 Kd7 50. Be5 Ke6 51. Bc3 Kd7 52. Ke2 Ke6 53. Kf1 Kf7 54. Kg2 Kg6 55. Be5 Kf7 56. Kg3 Ke6 57. Bc3 Be3 58. Kg2 1/2-1/2

[Event "Oberliga Nord N 1920"]
[Site "Germany"]
[Date "2021.08.14"]
[Round "8.2"]
[White "Rosmann, Ilja"]
[Black "Beeck, Mats"]
[Result "0-1"]
[WhiteElo "2297"]
[BlackElo "2126"]
[PlyCount "113"]
[EventDate "2019.09.29"]
[EventType "team-tourn"]
[EventRounds "9"]
[EventCountry "GER"]
[SourceTitle "EXT 2023"]
[Source "ChessBase"]
[SourceDate "2022.10.05"]
[SourceVersion "1"]
[SourceVersionDate "2022.10.05"]
[SourceQuality "1"]
[WhiteTeam "Hamburg Koenigsspringer"]
[BlackTeam "Kiel Doppelbauer"]
[WhiteTeamCountry "GER"]
[BlackTeamCountry "GER"]

1. d4 Nf6 2. c4 e6 3. Nf3 a6 4. Nc3 d5 5. cxd5 exd5 6. Bg5 Be6 7. Qb3 Ra7 8. e4 c6 9. e5 h6 10. Bh4 g5 11. Nxg5 hxg5 12. Bxg5 Nbd7 13. exf6 b5 14. 0-0-0 Nxf6 15. Qc2 Be7 16. Bd3 Rg8 17. h4 Rc7 18. Kb1 Qc8 19. Rhe1 a5 20. Rc1 Kd8 21. f4 b4 22. Na4 Ne4 23. Bxe7+ Rxe7 24. Bxe4 dxe4 25. Nc5 Bd5 26. Re3 f5 27. Na4 Ke8 28. Qc5 Qd8 29. Nb6 Rxg2 30. Nc4 Kf7 31. Ne5+ Kg7 32. Ree1 Re6 33. Rg1 Rxg1 34. Rxg1+ Kh7 35. Nf7 Qf6 36. Ng5+ Kh6 37. Nxe6 Bxe6 38. Rg5 e3 39. Qe5 Qxe5 40. dxe5 e2 41. Rg1 Kh5 42. a3 Kxh4 43. Kc1 e1R+ 44. Rxe1 Kg3 45. Rf1 c5 46. Kd2 Kg2 47. Rc1 Kf3 48. Rxc5 bxa3 49. bxa3 Kxf4 50. Rxa5 Ke4 51. a4 f4 52. Ke2 Bb3 53. Kf2 Kf5 54. Ra8 Kxe5 55. a5 Bd5 56. Rb8 Bc4 57. Rb6 0-1

[Event "Oberliga Nord N 1920"]
[Site "Germany"]
[Date "2020.03.01"]
[Round "7.3"]
[White "Rosmann, Ilja"]
[Black "Reinecker, Kai"]
[Result "1-0"]
[WhiteElo "2291"]
[BlackElo "2272"]
[PlyCount "65"]
[EventDate "2019.09.29"]
[EventType "team-tourn"]
[EventRounds "9"]
[EventCountry "GER"]
[SourceTitle "CBM 195 Extra"]
[Source "ChessBase"]
[SourceDate "2020.05.31"]
[SourceVersion "1"]
[SourceVersionDate "2020.05.31"]
[SourceQuality "1"]

1. e4 e5 2. Nf3 Nf6 3. Nxe5 d6 4. Nf3 Nxe4 5. d4 d5 6. Bd3 Be7 7. 0-0 Nc6 8. Re1 Bf5 9. Nc3 Nxc3 10. bxc3 Bxd3 11. cxd3 0-0 12. Rb1 Na5 13. Ne5 Bd6 14. Qg4 Kh8 15. Qh5 Bxe5 16. dxe5 Qd7 17. Re3 Qe6 18. Rh3 h6 19. Rf3 d4 20. c4 Nc6 21. Bf4 Rae8 22. Rxb7 Nxe5 23. Bxe5 Qxe5 24. Qxe5 Rxe5 25. g3 Ra5 26. Rxc7 Rxa2 27. Rf4 a5 28. Rxd4 a4 29. Ra7 Kg8 30. Rd5 a3 31. Rda5 Re8 32. Rxa3 Rd2 33. Ra8 1-0

[Event "Oberliga Nord N 1920"]
[Site "Germany"]
[Date "2020.02.09"]
[Round "6.3"]
[White "Wasmuth, Matthias"]
[Black "Rosmann, Ilja"]
[Result "1/2-1/2"]
[WhiteElo "2152"]
[BlackElo "2291"]
[PlyCount "37"]
[EventDate "2019.09.29"]
[EventType "team-tourn"]
[EventRounds "9"]
[EventCountry "GER"]
[SourceTitle "CBM 195 Extra"]
[Source "ChessBase"]
[SourceDate "2020.05.31"]
[SourceVersion "1"]
[SourceVersionDate "2020.05.31"]
[SourceQuality "1"]

1. d4 Nf6 2. Nf3 g6 3. Bg5 Bg7 4. Nbd2 d5 5. e3 c5 6. c3 b6 7. Bd3 Bb7 8. Qb1 Nc6 9. b4 cxb4 10. cxb4 Rc8 11. 0-0 0-0 12. Qb3 Qd6 13. Rab1 e5 14. Bb5 e4 15. Bf4 Qe6 16. Ne5 Nh5 17. Bxc6 Bxc6 18. Nxc6 Rxc6 19. b5 1/2-1/2

[Event "Berlin Lichtenberger op 18th"]
[Site "Berlin"]
[Date "2019.08.22"]
[Round "6"]
[White "Barseghyan, Armen Ar"]
[Black "Rosmann, Ilja"]
[Result "1/2-1/2"]
[WhiteElo "2313"]
[BlackElo "2323"]
[PlyCount "107"]
[EventDate "2019.08.17"]
[EventType "swiss"]
[EventRounds "9"]
[EventCountry "GER"]
[SourceTitle "EXT 2020"]
[Source "ChessBase"]
[SourceDate "2019.10.17"]
[SourceVersion "1"]
[SourceVersionDate "2019.10.17"]
[SourceQuality "1"]

1. Nf3 Nf6 2. c4 g6 3. b3 Bg7 4. Bb2 d6 5. d4 0-0 6. g3 Bf5 7. Bg2 Qc8 8. h3 c5 9. Nc3 Nc6 10. Rc1 Bh6 11. e3 Nb4 12. Bf1 Ne4 13. a3 Nxc3 14. Rxc3 cxd4 15. Nxd4 Nc6 16. Nxf5 Qxf5 17. Bg2 a5 18. Rc2 Bg7 19. Bxg7 Kxg7 20. 0-0 Qc5 21. Qa1+ Kg8 22. Rd1 e6 23. Rcd2 Rfd8 24. h4 h5 25. Rc1 Rab8 26. Qb2 Rd7 27. Rdc2 Rdd8 28. Rb1 Ne5 29. b4 Qc7 30. Qb3 Rdc8 31. c5 axb4 32. Rbc1 dxc5 33. Rxc5 Qd8 34. axb4 b6 35. R5c3 Rxc3 36. Qxc3 Qd6 37. Ra1 Rd8 38. Be4 Ng4 39. Ra2 Qd7 40. Bf3 Rc8 41. Qa1 Qd6 42. b5 Ne5 43. Be4 Kh7 44. Kg2 Rc4 45. Bb7 Qc7 46. Ra7 Rc1 47. Bc6 Rxa1 48. Rxc7 Kg7 49. Rb7 Nc4 50. e4 Ra2 51. e5 Kf8 52. Rb8+ Kg7 53. Rb7 Kf8 54. Rb8+ 1/2-1/2

[Event "Berlin Lichtenberger op 18th"]
[Site "Berlin"]
[Date "2019.08.18"]
[Round "2"]
[White "Rosmann, Ilja"]
[Black "Kutschke, Jens"]
[Result "1-0"]
[WhiteElo "2323"]
[BlackElo "1953"]
[PlyCount "69"]
[EventDate "2019.08.17"]
[EventType "swiss"]
[EventRounds "9"]
[EventCountry "GER"]
[SourceTitle "EXT 2020"]
[Source "ChessBase"]
[SourceDate "2019.10.17"]
[SourceVersion "1"]
[SourceVersionDate "2019.10.17"]
[SourceQuality "1"]

1. e4 c5 2. Nf3 d6 3. c3 Nf6 4. h3 Nc6 5. Bd3 g6 6. 0-0 Bg7 7. Bc2 0-0 8. d4 b6 9. d5 Ne5 10. Nxe5 dxe5 11. f4 exf4 12. Bxf4 Nd7 13. Qf3 Ba6 14. Re1 e6 15. a4 exd5 16. exd5 c4 17. Na3 Nc5 18. Rad1 Qd7 19. d6 Rae8 20. Re7 Rxe7 21. dxe7 Qxe7 22. Bd6 Qe8 23. Rf1 Bb7 24. Qf2 Bh6 25. Nxc4 Bd5 26. Ne5 Nxa4 27. Ng4 Bg7 28. Bxf8 Kxf8 29. Nf6 Bxf6 30. Qxf6 Nxb2 31. Qh8+ Ke7 32. Qe5+ Be6 33. Qf6+ Kd7 34. Rb1 Nc4 35. Ba4+ 1-0

[Event "Langenhagen Summer op 1st"]
[Site "Langenhagen"]
[Date "2019.07.07"]
[Round "7"]
[White "Schulze, Torben"]
[Black "Rosmann, Ilja"]
[Result "1/2-1/2"]
[WhiteElo "2311"]
[BlackElo "2326"]
[PlyCount "99"]
[EventDate "2019.07.04"]
[EventType "swiss"]
[EventRounds "7"]
[EventCountry "GER"]
[SourceTitle "EXT 2020"]
[Source "ChessBase"]
[SourceDate "2019.10.17"]
[SourceVersion "1"]
[SourceVersionDate "2019.10.17"]
[SourceQuality "1"]

1. e4 e6 2. d4 d5 3. e5 c5 4. c3 Nc6 5. Nf3 Qb6 6. a3 Nh6 7. b4 cxd4 8. b5 Na5 9. Bxh6 gxh6 10. cxd4 Bd7 11. Nbd2 Rc8 12. a4 Bb4 13. Bd3 Rc3 14. Ke2 0-0 15. Qb1 Be7 16. Rc1 Rxc1 17. Qxc1 Rc8 18. Qb1 Qc7 19. Ra2 Qc1 20. Bxh7+ Kg7 21. Bd3 Qxb1 22. Bxb1 Nc4 23. Nxc4 Rxc4 24. Bd3 Rb4 25. Ke3 Bd8 26. g4 Bb6 27. h4 f6 28. exf6+ Kxf6 29. g5+ hxg5 30. hxg5+ Kg7 31. Kd2 Be8 32. Ra1 Bh5 33. a5 Bxd4 34. Nxd4 Rxd4 35. Ke3 e5 36. Rc1 Ra4 37. Rc7+ Kf8 38. g6 e4 39. g7+ Kg8 40. Bf1 Rxa5 41. Kd4 Bf7 42. Rxb7 Ra2 43. Bh3 Rxf2 44. Rxa7 Rd2+ 45. Kc5 Rc2+ 46. Kd6 e3 47. Re7 d4 48. b6 Rb2 49. Ke5 e2 50. Kxd4 1/2-1/2

[Event "Langenhagen Summer op 1st"]
[Site "Langenhagen"]
[Date "2019.07.05"]
[Round "4"]
[White "Rosmann, Ilja"]
[Black "Pubantz, Jan"]
[Result "1/2-1/2"]
[WhiteElo "2326"]
[BlackElo "2214"]
[PlyCount "39"]
[EventDate "2019.07.04"]
[EventType "swiss"]
[EventRounds "7"]
[EventCountry "GER"]
[SourceTitle "EXT 2020"]
[Source "ChessBase"]
[SourceDate "2019.10.17"]
[SourceVersion "1"]
[SourceVersionDate "2019.10.17"]
[SourceQuality "1"]

1. e4 c5 2. c3 Nf6 3. e5 Nd5 4. Bc4 Nb6 5. Bb3 Nc6 6. d4 cxd4 7. cxd4 d6 8. exd6 Qxd6 9. Nf3 g6 10. Nc3 Bg7 11. d5 Na5 12. 0-0 0-0 13. Ne4 Qd8 14. d6 Nxb3 15. axb3 exd6 16. Nxd6 Be6 17. Be3 Bxb3 18. Qxb3 Qxd6 19. Rfd1 Qc6 20. Rdc1 1/2-1/2

[Event "Langenhagen Summer op 1st"]
[Site "Langenhagen"]
[Date "2019.07.04"]
[Round "1"]
[White "Porth, Hartmut"]
[Black "Rosmann, Ilja"]
[Result "0-1"]
[WhiteElo "2032"]
[BlackElo "2326"]
[PlyCount "74"]
[EventDate "2019.07.04"]
[EventType "swiss"]
[EventRounds "7"]
[EventCountry "GER"]
[SourceTitle "EXT 2020"]
[Source "ChessBase"]
[SourceDate "2019.10.17"]
[SourceVersion "1"]
[SourceVersionDate "2019.10.17"]
[SourceQuality "1"]

1. e4 c5 2. f4 a6 3. Nf3 d5 4. d3 Nc6 5. Be2 Bg4 6. c3 Nf6 7. e5 Nd7 8. 0-0 Bxf3 9. Rxf3 e6 10. Be3 f5 11. Rh3 g6 12. Bf2 Qb6 13. b4 d4 14. Qb3 Kf7 15. g4 dxc3 16. Nxc3 Nd4 17. Bxd4 cxd4 18. Na4 Qxb4 19. Qxb4 Bxb4 20. Rb1 a5 21. gxf5 gxf5 22. Bf3 Rab8 23. Kf2 b5 24. Bc6 Ke7 25. Rg1 Nf8 26. Rg7+ Kd8 27. Nb2 Rc8 28. Bxb5 Rc2+ 29. Kf1 Rxb2 30. Rh6 Bd2 31. a4 Bxf4 32. Rh3 Bxe5 33. Ra7 Rg8 34. Ra8+ Ke7 35. Rxh7+ Nxh7 36. Rxg8 Nf6 37. Rg1 Kd6 0-1

[Event "Oberliga Nord N 1819"]
[Site "Germany"]
[Date "2018.11.25"]
[Round "3.3"]
[White "Rosmann, Ilja"]
[Black "Zart, Ruediger"]
[Result "1-0"]
[WhiteElo "2293"]
[BlackElo "2159"]
[PlyCount "81"]
[EventDate "2018.10.21"]
[EventType "team-tourn"]
[EventRounds "9"]
[EventCountry "GER"]
[SourceTitle "EXT 2020"]
[Source "ChessBase"]
[SourceDate "2019.10.17"]
[SourceVersion "1"]
[SourceVersionDate "2019.10.17"]
[SourceQuality "1"]
[WhiteTeam "Hamburg Koenigsspringer"]
[BlackTeam "Johanneum Eppendorf"]
[WhiteTeamCountry "GER"]
[BlackTeamCountry "GER"]

1. e4 c6 2. d4 d5 3. e5 Bf5 4. Nf3 e6 5. Be3 Ne7 6. Nbd2 Nd7 7. Be2 h6 8. 0-0 Bh7 9. Ne1 Nf5 10. c3 c5 11. Bd3 cxd4 12. cxd4 Be7 13. g4 Nxe3 14. fxe3 0-0 15. Bxh7+ Kxh7 16. Ng2 Rc8 17. Nf3 Nb6 18. Rf2 Qd7 19. Qd3+ g6 20. Raf1 Kg7 21. Nfh4 Bg5 22. Nf3 Be7 23. h4 Nc4 24. g5 h5 25. Nfe1 Qb5 26. b3 Na3 27. Qd1 Rc3 28. Nf4 Rxe3 29. Nxh5+ Kg8 30. Nf6+ Bxf6 31. gxf6 Qb4 32. Rg2 Re4 33. Nf3 Qc3 34. h5 Qe3+ 35. Rff2 Rc8 36. Qd2 Rc1+ 37. Kh2 Qxd2 38. Rxd2 Rc3 39. Ng5 Rc6 40. hxg6 fxg6 41. Rdf2 1-0

[Event "Oberliga Nord N 1819"]
[Site "Germany"]
[Date "2018.10.21"]
[Round "1.3"]
[White "Rosmann, Ilja"]
[Black "Priebe, Jan"]
[Result "1/2-1/2"]
[WhiteElo "2293"]
[BlackElo "2268"]
[PlyCount "53"]
[EventDate "2018.10.21"]
[EventType "team-tourn"]
[EventRounds "9"]
[EventCountry "GER"]
[SourceTitle "EXT 2020"]
[Source "ChessBase"]
[SourceDate "2019.10.17"]
[SourceVersion "1"]
[SourceVersionDate "2019.10.17"]
[SourceQuality "1"]
[WhiteTeam "Hamburg Koenigsspringer"]
[BlackTeam "St Pauli II"]
[WhiteTeamCountry "GER"]
[BlackTeamCountry "GER"]

1. e4 c5 2. c3 d5 3. exd5 Qxd5 4. d4 Nf6 5. Nf3 Bg4 6. Be2 e6 7. Na3 Nc6 8. Be3 cxd4 9. Nb5 Rc8 10. Nbxd4 a6 11. Nxc6 Qxc6 12. 0-0 Bc5 13. Bxc5 Qxc5 14. Qa4+ Qc6 15. Qb4 Qe4 16. Qxe4 Nxe4 17. h3 Bh5 18. g4 Bg6 19. Ne5 Ke7 20. Rfd1 Rhd8 21. Bf3 Nd6 22. Nxg6+ hxg6 23. Rd3 b6 24. Rad1 g5 25. Kg2 a5 26. Kg3 Nc4 27. Rxd8 1/2-1/2

[Event "Oberliga Nord N 1718"]
[Site "Germany"]
[Date "2017.12.10"]
[Round "4.3"]
[White "Bente, Bjoern"]
[Black "Rosmann, Ilja"]
[Result "0-1"]
[WhiteElo "2216"]
[BlackElo "2307"]
[PlyCount "42"]
[EventDate "2017.10.08"]
[EventType "team-tourn"]
[EventRounds "9"]
[EventCountry "GER"]
[SourceTitle "EXT 2019"]
[Source "ChessBase"]
[SourceDate "2018.10.10"]
[SourceVersion "1"]
[SourceVersionDate "2018.10.10"]
[SourceQuality "1"]
[WhiteTeam "Hamburger SK III"]
[BlackTeam "Hamburg Koenigsspringer"]
[WhiteTeamCountry "GER"]
[BlackTeamCountry "GER"]

1. d4 Nf6 2. c4 e6 3. Nc3 Bb4 4. e3 c5 5. Nge2 b6 6. a3 Ba5 7. Rb1 Qe7 8. Qa4 Nc6 9. Bd2 0-0 10. g3 Bxc3 11. Bxc3 cxd4 12. exd4 e5 13. d5 Nd4 14. Bg2 d6 15. Rd1 Bd7 16. Qa6 Bg4 17. Bxd4 exd4 18. f3 Rfe8 19. c5 Bc8 20. cxd6 Bxa6 21. dxe7 Rxe7 0-1

[Event "Oberliga Nord N 1718"]
[Site "Germany"]
[Date "2017.10.23"]
[Round "2.3"]
[White "Rosmann, Ilja"]
[Black "Wolf, Christoph1111"]
[Result "1-0"]
[WhiteElo "2307"]
[BlackElo "2193"]
[PlyCount "69"]
[EventDate "2017.10.08"]
[EventType "team-tourn"]
[EventRounds "9"]
[EventCountry "GER"]
[SourceTitle "EXT 2019"]
[Source "ChessBase"]
[SourceDate "2018.10.10"]
[SourceVersion "1"]
[SourceVersionDate "2018.10.10"]
[SourceQuality "1"]
[WhiteTeam "Hamburg Koenigsspringer"]
[BlackTeam "Schwerin"]
[WhiteTeamCountry "GER"]
[BlackTeamCountry "GER"]

1. e4 e6 2. d3 d5 3. Nd2 Nf6 4. Ngf3 c5 5. g3 Nc6 6. Bg2 Be7 7. 0-0 b6 8. Re1 Bb7 9. exd5 exd5 10. d4 0-0 11. Nb3 c4 12. Nbd2 Re8 13. c3 Bd6 14. Rxe8+ Qxe8 15. Nh4 Qd7 16. Nf1 Re8 17. Ne3 Bf8 18. b3 b5 19. bxc4 dxc4 20. Rb1 Nd8 21. d5 Bc5 22. Nhf5 Re5 23. Nd4 a6 24. Ndc2 Nxd5 25. Nxd5 Rxd5 26. Bxd5 Bxd5 27. Be3 Be7 28. Bb6 Ne6 29. Ne3 Bc6 30. Qxd7 Bxd7 31. Nd5 Ba3 32. Ba5 Nc5 33. Ne3 f6 34. Nc2 Bf5 35. Nxa3 1-0

[Event "Oberliga Nord N 1718"]
[Site "Germany"]
[Date "2017.10.08"]
[Round "1.4"]
[White "Rosmann, Ilja"]
[Black "Wollenweber, Carsten"]
[Result "1-0"]
[WhiteElo "2307"]
[BlackElo "2073"]
[PlyCount "74"]
[EventDate "2017.10.08"]
[EventType "team-tourn"]
[EventRounds "9"]
[EventCountry "GER"]
[SourceTitle "EXT 2019"]
[Source "ChessBase"]
[SourceDate "2018.10.10"]
[SourceVersion "1"]
[SourceVersionDate "2018.10.10"]
[SourceQuality "1"]
[WhiteTeam "Hamburg Koenigsspringer"]
[BlackTeam "Bargteheide"]
[WhiteTeamCountry "GER"]
[BlackTeamCountry "GER"]

1. e4 c5 2. c3 Nf6 3. e5 Nd5 4. Bc4 Nb6 5. Bb3 d6 6. exd6 Qxd6 7. d4 e6 8. Nf3 Bd7 9. 0-0 Nc6 10. Nbd2 Qc7 11. Qe2 Be7 12. Ne4 cxd4 13. cxd4 0-0 14. Nc3 Rad8 15. Qe4 Na5 16. Bc2 f5 17. Qe2 Bf6 18. Re1 h6 19. Ne5 Bc8 20. Nb5 Qb8 21. Ng6 Bxd4 22. Nxf8 Kxf8 23. Nxd4 Rxd4 24. Bxf5 Qd6 25. Be3 Nc6 26. Bg6 Rb4 27. Rac1 Nd4 28. Bxd4 Rxd4 29. Red1 Ke7 30. Rxd4 Qxd4 31. Rd1 Qf6 32. Qd3 Nd5 33. Qa3+ Kd8 34. Qd6+ Bd7 35. Be4 Qxb2 36. Bxd5 exd5 37. Qxd5 Qe5 1-0

[Event "Berlin Lichtenberger op 15th"]
[Site "Berlin"]
[Date "2016.08.20"]
[Round "8"]
[White "Rosmann, Ilja"]
[Black "Figura, Atila Gajo"]
[Result "0-1"]
[WhiteElo "2289"]
[BlackElo "2374"]
[PlyCount "72"]
[EventDate "2016.08.13"]
[EventType "swiss"]
[EventRounds "9"]
[EventCountry "GER"]
[SourceTitle "CBM 173 Extra"]
[Source "ChessBase"]
[SourceDate "2016.08.29"]
[SourceVersion "1"]
[SourceVersionDate "2016.08.29"]
[SourceQuality "1"]

1. e4 c6 2. c4 e5 3. Nf3 d6 4. Nc3 Nf6 5. d4 Nbd7 6. Be2 Be7 7. 0-0 0-0 8. d5 Nc5 9. Qc2 cxd5 10. cxd5 Qc7 11. Ne1 Bd7 12. f3 Rfc8 13. Bd2 b5 14. b4 Na4 15. Rc1 Nxc3 16. Qxc3 Qb7 17. Qb2 Rxc1 18. Qxc1 Rc8 19. Qb2 Bd8 20. Nc2 Bb6+ 21. Kh1 Nh5 22. Rc1 a6 23. g3 g6 24. Na1 f5 25. Rxc8+ Qxc8 26. Nb3 fxe4 27. fxe4 Bg4 28. Qc1 Qxc1+ 29. Nxc1 Bxe2 30. Nxe2 Nf6 31. Kg2 Nxe4 32. Be1 Nf6 33. Nc3 Bd4 34. Ne2 Bb2 35. Bc3 Ba3 36. Kf3 Kf7 0-1

[Event "Berlin Lichtenberger op 15th"]
[Site "Berlin"]
[Date "2016.08.16"]
[Round "4"]
[White "Rosmann, Ilja"]
[Black "Gallien, Fabian"]
[Result "1-0"]
[WhiteElo "2289"]
[BlackElo "2146"]
[PlyCount "71"]
[EventDate "2016.08.13"]
[EventType "swiss"]
[EventRounds "9"]
[EventCountry "GER"]
[SourceTitle "CBM 173 Extra"]
[Source "ChessBase"]
[SourceDate "2016.08.29"]
[SourceVersion "1"]
[SourceVersionDate "2016.08.29"]
[SourceQuality "1"]

1. e4 d5 2. exd5 Qxd5 3. Nc3 Qa5 4. d4 c6 5. Bc4 Bf5 6. Nf3 Nf6 7. Ne5 e6 8. 0-0 Nbd7 9. Re1 Rd8 10. Qe2 Nxe5 11. dxe5 Nd7 12. Bg5 Be7 13. Bxe7 Kxe7 14. a3 h6 15. b4 Qc7 16. Bb3 Rhe8 17. Qe3 a6 18. Na4 Kf8 19. c4 c5 20. Rad1 cxb4 21. axb4 Kg8 22. c5 Nb8 23. Rd6 Nc6 24. Qd2 Qe7 25. Nb6 Qh4 26. f4 Nd4 27. Ba4 Nb5 28. Bxb5 axb5 29. g3 Qe7 30. Rd1 Rxd6 31. cxd6 Qd8 32. Qd4 Be4 33. Ra1 Bc6 34. d7 Re7 35. Ra8 Qxa8 36. d8Q+ 1-0

[Event "Berlin Lichtenberger op 15th"]
[Site "Berlin"]
[Date "2016.08.15"]
[Round "3"]
[White "Badestein, Hartmut"]
[Black "Rosmann, Ilja"]
[Result "0-1"]
[WhiteElo "2060"]
[BlackElo "2289"]
[PlyCount "146"]
[EventDate "2016.08.13"]
[EventType "swiss"]
[EventRounds "9"]
[EventCountry "GER"]
[SourceTitle "CBM 173 Extra"]
[Source "ChessBase"]
[SourceDate "2016.08.29"]
[SourceVersion "1"]
[SourceVersionDate "2016.08.29"]
[SourceQuality "1"]

1. e4 c5 2. Nf3 Nc6 3. Bb5 g6 4. 0-0 Bg7 5. Re1 e5 6. Bxc6 dxc6 7. d3 Qe7 8. h3 Nh6 9. Be3 f6 10. Nbd2 0-0 11. Nf1 Nf7 12. Ng3 Nd8 13. c3 Ne6 14. Qb3 Kh8 15. d4 Rd8 16. Rad1 cxd4 17. cxd4 exd4 18. Nxd4 Nxd4 19. Bxd4 b6 20. Qc2 c5 21. Be3 Be6 22. b3 Rxd1 23. Rxd1 Rc8 24. Bf4 c4 25. bxc4 Rxc4 26. Qe2 Rc8 27. Nf1 Qf7 28. a3 Bc4 29. Qg4 Be6 30. Qe2 f5 31. exf5 Qxf5 32. Ng3 Qxf4 33. Qxe6 Rf8 34. Ne4 Be5 35. Qe7 Rf7 36. Qe8+ Rf8 37. Qe7 Rf7 38. Qe8+ Kg7 39. Qc6 Qh2+ 40. Kf1 Qh1+ 41. Ke2 Qxg2 42. Rd7 Qf3+ 43. Kd2 Rxd7+ 44. Qxd7+ Qf7 45. Qd3 Qa2+ 46. Ke3 Qe6 47. Kd2 Qc6 48. Ke3 b5 49. Qd8 Qb6+ 50. Qxb6 axb6 51. f4 Bb2 52. Nd6 Bxa3 53. Nxb5 Bb2 54. Ke4 Kf6 55. Nc7 Kf7 56. Nb5 Bf6 57. Kd5 Bh4 58. Nd6+ Kf6 59. Ke4 Ke6 60. Nb5 Bf2 61. Kf3 Bg1 62. Ke4 Bc5 63. Nc3 Bf8 64. Nb5 Bg7 65. Na7 Kd6 66. f5 g5 67. Nc8+ Kc5 68. Ne7 b5 69. Nd5 b4 70. f6 Bf8 71. Ke5 b3 72. Nc3 Kc4 73. Nb1 Kd3 0-1

[Event "Berlin Lichtenberger op 15th"]
[Site "Berlin"]
[Date "2016.08.14"]
[Round "2"]
[White "Rosmann, Ilja"]
[Black "Albert, Joerg"]
[Result "1/2-1/2"]
[WhiteElo "2289"]
[BlackElo "2149"]
[PlyCount "50"]
[EventDate "2016.08.13"]
[EventType "swiss"]
[EventRounds "9"]
[EventCountry "GER"]
[SourceTitle "CBM 173 Extra"]
[Source "ChessBase"]
[SourceDate "2016.08.29"]
[SourceVersion "1"]
[SourceVersionDate "2016.08.29"]
[SourceQuality "1"]

1. e4 d5 2. exd5 Qxd5 3. Nc3 Qd8 4. d4 Nf6 5. Bg5 Bg4 6. Qd2 e6 7. h3 Bh5 8. g4 Bg6 9. Bg2 c6 10. Nge2 h6 11. Be3 Bb4 12. a3 Ne4 13. Qc1 Ba5 14. 0-0 Nxc3 15. bxc3 Nd7 16. Rb1 Nb6 17. Nf4 Qf6 18. c4 Nxc4 19. Rxb7 0-0 20. Nxg6 Qxg6 21. Bf4 Bb6 22. Rd7 Rad8 23. Rxd8 Rxd8 24. c3 c5 25. dxc5 Bxc5 1/2-1/2

[Event "Berlin Lichtenberger op 15th"]
[Site "Berlin"]
[Date "2016.08.13"]
[Round "1"]
[White "Kling, Maximilian"]
[Black "Rosmann, Ilja"]
[Result "0-1"]
[WhiteElo "1804"]
[BlackElo "2289"]
[PlyCount "100"]
[EventDate "2016.08.13"]
[EventType "swiss"]
[EventRounds "9"]
[EventCountry "GER"]
[SourceTitle "CBM 173 Extra"]
[Source "ChessBase"]
[SourceDate "2016.08.29"]
[SourceVersion "1"]
[SourceVersionDate "2016.08.29"]
[SourceQuality "1"]

1. e4 e6 2. d4 d5 3. Nd2 c5 4. exd5 exd5 5. Ngf3 a6 6. dxc5 Bxc5 7. Nb3 Bb6 8. Qe2+ Ne7 9. Be3 Nbc6 10. Bxb6 Qxb6 11. Qd2 0-0 12. Be2 Bf5 13. 0-0 Be4 14. c3 Rad8 15. Nfd4 Rfe8 16. Bf3 Ng6 17. Rfe1 Nb8 18. Bxe4 dxe4 19. Qc2 e3 20. fxe3 Nd7 21. Nd2 Nf6 22. Kh1 Ng4 23. e4 Nxh2 24. Kxh2 Qc7+ 25. Kg1 Rxd4 26. Nf3 Rd7 27. Qa4 Rde7 28. Rad1 Qb6+ 29. Kh1 Qxb2 30. Qc4 Qf2 31. Rf1 Qg3 32. Rd2 Rxe4 33. Qd5 h6 34. Qxb7 Re2 35. Rxe2 Rxe2 36. Nh2 Re7 37. Qb6 Qxc3 38. Qxa6 Qg3 39. a4 Kh7 40. Qc4 f6 41. Qc2 Re5 42. Nf3 Rh5+ 43. Kg1 Qf4 44. Re1 Qb4 45. Rb1 Qa5 46. Rb7 Rc5 47. Qd1 Qc3 48. Rb3 Qc1 49. Rb1 Qe3+ 50. Kf1 Rh5 0-1